Catálogo

Lo llevo en la sangre : (Registro nro. 1171)

Detalles MARC
000 -LEADER
fixed length control field 00716nam a2200217 a 4500
001 - CONTROL NUMBER
control field 1171
005 - DATE AND TIME OF LATEST TRANSACTION
control field 20180713181237.0
008 - FIXED-LENGTH DATA ELEMENTS--GENERAL INFORMATION
fixed length control field 140415s1988 mx a r 000 0 spa d
041 ## - LANGUAGE CODE
Language code of text/sound track or separate title spa
082 0# - DEWEY DECIMAL CLASSIFICATION NUMBER
Classification number 920
Item number SHA
100 1# - MAIN ENTRY--PERSONAL NAME
Personal name Shaffer-Corona, Frank,
Relator term autor
245 13 - TITLE STATEMENT
Title Lo llevo en la sangre :
Remainder of title las memorias de Morris "Moe" Williams, Jr.
250 ## - EDITION STATEMENT
Edition statement Primera edición.
264 #1 - PRODUCTION, PUBLICATION, DISTRIBUTION, MANUFACTURE, AND COPYRIGHT NOTICE
Place of production, publication, distribution, manufacture México :
Name of producer, publisher, distributor, manufacturer Ediciones las Américas,
Date of production, publication, distribution, manufacture, or copyright notice 1988
300 ## - PHYSICAL DESCRIPTION
Extent 244 páginas :
Other physical details ilustraciones ;
Dimensions 23 cm.
336 ## - CONTENT TYPE
Content type term texto
Source rdacontent
337 ## - MEDIA TYPE
Media type term sin mediación
Source rdamedia
338 ## - CARRIER TYPE
Carrier type term volumen
Source rdacarrier
600 04 - SUBJECT ADDED ENTRY--PERSONAL NAME
Personal name Morris, "Moe" Williams
General subdivision Autobiografía
700 1# - ADDED ENTRY--PERSONAL NAME
Personal name Hernández Joseph, David,
Relator term traductor
Existencias
Withdrawn status Lost status Source of classification or shelving scheme Damaged status Not for loan Collection code Home library Current library Shelving location Date acquired Source of acquisition Inventory number Total Checkouts Full call number Barcode Date last seen Price effective from Koha item type
    Dewey Decimal Classification     General Biblioteca Karol Wojtyla Biblioteca Karol Wojtyla Sala general 02/06/2015 Compra 151000000000000000036540   920 SHA 1988 91389 05/01/2026 02/06/2015 Libro
    Dewey Decimal Classification     General Biblioteca Karol Wojtyla Biblioteca Karol Wojtyla Sala general 03/12/2013 Compra 151000000000000000036539   920 SHA 1988 11504 05/01/2026 02/10/2014 Libro